Statistics for Name a Valid British Prime Minister

Click here to take the quiz!

General Stats

  • This quiz has been taken 1,334 times
    (336 since last reset)
  • The average score is 11 of 18

Answer Stats

Name a PM who...Possible AnswersAnswer% Correct
was femaleMargaret Thatcher / Theresa May / Liz TrussMargaret Thatcher | Theresa May | Liz Truss
100%
served in combat in World War IWinston Churchill, Clement Attlee, Anthony Eden, Harold MacmillanWinston Churchill | Clement Attlee | Anthony Eden | Harold Macmillan
85%
was JewishBenjamin DisraeliBenjamin Disraeli
74%
left office aged over 80William Gladstone / Winston ChurchillWilliam Gladstone | Winston Churchill
71%
represented a constituency in LondonJohn Russell / William Gladstone / Winston Churchill / Clement Attlee / Harold Macmillan / Edward Heath / Margaret Thatcher / Boris JohnsonJohn Russell | William Gladstone | Winston Churchill | Clement Attlee | Harold Macmillan | Edward Heath | Margaret Thatcher | Boris Johnson
70%
served under a monarch they were born underSpencer Perceval / Robert Jenkinson / Archibald Primrose / Tony Blair / David Cameron / Theresa May / Boris Johnson / Liz TrussSpencer Perceval | Robert Jenkinson | Archibald Primrose | Tony Blair | David Cameron | Theresa May | Boris Johnson | Liz Truss
70%
won a Nobel PrizeWinston ChurchillWinston Churchill
69%
won more than one election in the 21st centuryTony Blair / David CameronTony Blair | David Cameron
68%
represented a constituency in ScotlandWilliam Gladstone / Henry Campbell-Bannerman / H.H. Asquith / Bonar Law / Alec Douglas-Home / Gordon BrownWilliam Gladstone | Henry Campbell-Bannerman | H.H. Asquith | Bonar Law | Alec Douglas-Home | Gordon Brown
65%
was not born on the island of Great BritainWilliam Petty / Arthur Wellesley / Bonar Law / Boris JohnsonWilliam Petty | Arthur Wellesley | Bonar Law | Boris Johnson
63%
was in office for more than 15 yearsRobert Walpole / Pitt the YoungerRobert Walpole | Pitt the Younger
58%
served three or more non-consecutive termsEdward Smith-Stanley / William Gladstone / Robert Gascoyne-Cecil / Stanley BaldwinEdward Smith-Stanley | William Gladstone | Robert Gascoyne-Cecil | Stanley Baldwin
56%
represented a constituency in WalesDavid Lloyd George / Ramsay MacDonald / James CallaghanDavid Lloyd George | Ramsay MacDonald | James Callaghan
52%
was assassinatedSpencer PercevalSpencer Perceval
47%
was a Liberal PM in the 20th centuryHenry Campbell-Bannerman / H.H. Asquith / David Lloyd GeorgeHenry Campbell-Bannerman | H.H. Asquith | David Lloyd George
46%
had a beardBenjamin Disraeli / Robert Gascoyne-CecilBenjamin Disraeli | Robert Gascoyne-Cecil
35%
served under three or more monarchsStanley BaldwinStanley Baldwin
32%
held no religious beliefDavid Lloyd George / Clement Attlee / James CallaghanDavid Lloyd George | Clement Attlee | James Callaghan
24%

Score Distribution

Percentile by Number Answered

Percent of People with Each Score

Your Score History

You have not taken this quiz since the last reset